Hóa học vô cơ Lý thuyết đại cương về hóa học T.1
v..v
Đã lưu trong:
| Tác giả chính: | |
|---|---|
| Định dạng: | Sách |
| Năm xuất bản: |
H.
Giáo dục
1994
|
| Chủ đề: | |
| Tags: |
Thêm thẻ
Không có thẻ, Hãy là người đầu tiên gắn thẻ bản ghi này!
|
| LEADER | 00999nam a2200181 4500 | ||
|---|---|---|---|
| 082 | |a 546 |b H407NH | ||
| 100 | |a Hoàng Nhâm | ||
| 245 | |a Hóa học vô cơ |c Hoàng Nhâm |n T.1 |b Lý thuyết đại cương về hóa học | ||
| 260 | |a H. |b Giáo dục |c 1994 | ||
| 300 | |a 261 tr |c 27 cm | ||
| 520 | |a v..v | ||
| 653 | |a Hóa học | ||
| 653 | |a Hóa học vô cơ | ||
| 942 | |2 ddc |c STK0 | ||
| 999 | |c 7383 |d 7383 | ||
| 952 | |0 0 |1 0 |2 ddc |4 0 |6 546_000000000000000_H407NH |7 0 |8 500 |9 67534 |a qbu |b qbu |c D3 |d 2015-02-10 |g 23000 |l 1 |o 546 H407NH |p 7169.c1 |r 2016-08-30 |s 2016-08-30 |w 2015-02-10 |y STK0 |0 0 |6 546_000000000000000_H407NH | ||
| 952 | |0 0 |1 0 |2 ddc |4 0 |6 546_000000000000000_H407NH |7 0 |8 500 |9 67535 |a qbu |b qbu |c D3 |d 2015-02-10 |g 23000 |l 5 |m 2 |o 546 H407NH |p 7169.c2 |r 2016-12-14 |s 2016-12-13 |w 2015-02-10 |y STK0 |0 0 |6 546_000000000000000_H407NH | ||
| 952 | |0 0 |1 0 |2 ddc |4 0 |6 546_000000000000000_H407NH |7 0 |8 500 |9 107619 |a qbu |b qbu |c D3 |d 2016-06-16 |g 23000 |l 1 |m 1 |o 546 H407NH |p 7169.c3 |r 2016-09-20 |s 2016-08-30 |w 2016-06-16 |y STK0 |0 0 |6 546_000000000000000_H407NH | ||